Poslání, vize a strategický záměr.

Vysvetlenie rozdielu medzi kategóriami poslanie a vízia a medzi poslaním a strategickým zámerom. Vyjadrenie názoru na plánovanie poslania.

Enregistré dans:
Détails bibliographiques
Auteur principal: Hamel, G.
Autres auteurs: Prahalad, C.K
Format: Chapitre de livre
Langue:tchèque
Sujets:
Tags: Ajouter un tag
Pas de tags, Soyez le premier à ajouter un tag!

MARC

LEADER 00000naa a2200000 4500
001 r008700
005 20220831090451.0
041 0 |a cze 
044 |a [CS] 
245 1 0 |a Poslání, vize a strategický záměr.  |c G. Hamel, C.K. Prahalad 
520 |a Vysvetlenie rozdielu medzi kategóriami poslanie a vízia a medzi poslaním a strategickým zámerom. Vyjadrenie názoru na plánovanie poslania. 
610 2 0 |a plánovanie strategické 
610 2 0 |a plánovanie podnikové 
610 2 0 |a riadenie strategické 
610 2 0 |a stratégia podniková 
100 1 |a Hamel, G. 
700 1 |a Prahalad, C.K.